| 000 | 02756nam a22004217a 4500 | ||
|---|---|---|---|
| 003 | CHAP | ||
| 005 | 20240520091139.0 | ||
| 007 | ta | ||
| 008 | 220804s2019 mx edobfr|||| 001 0 spa d | ||
| 040 | _amxchpua | ||
| 090 |
_aT.C.821 _bS99 EIUPA _c2019 |
||
| 245 | 1 | 0 |
_aEmpresa "Vinos Torres Alegra y Familia" Ensenada, Baja California / _ccoordinadores Rosa Guadalupe Szymanski Duque y Emmanuel Flores Girón ; colaboradores Isabel Buendía Corona...[y otros] |
| 260 |
_aChapingo, México : _bEl autor, _c2019 |
||
| 300 |
_a106 hojas : _bgraficas, mapas, planos, fotos + _e1 CD-ROM |
||
| 336 |
_2rdacontent _atexto _btxt |
||
| 337 |
_2rdamedia _ano mediado _bn |
||
| 338 |
_2rdacarrier _avolumen _bnc |
||
| 500 | _aGrado: 7° año | ||
| 502 |
_aViaje de Estudios _b(EIUPA) -- _cUACh. Departamento de Ingeniería Agroindustrial, _d2019 |
||
| 504 | _aBibliografía: hojas 83-85 | ||
| 505 | 0 | _aContiene 6 planos: -- 1. Plano de Distribución de áreas (Esc. 1:100) -- 2. Plano de Distribución de equipo (Esc. 1:100) -- 3. Plano de Diagrama de Recorrido de vino blanco (Esc. 1:100) -- 4. Plano de Diagrama de recorrido de vino tinto (Esc. 1:100) -- 5. Plano de Diagrama de flujo de vino blanco -- 6. Plano de Diagrama de flujo de vino tinto | |
| 650 | 1 | 3 |
_aIndustria del vino _zMéxico _zBaja California |
| 650 | 1 | 3 |
_9156221 _aCalidad del vino |
| 650 | 1 | 3 |
_aVinos _xComercialización _zMéxico _zBaja California |
| 650 | 1 | 3 |
_aWine industry _zMexico _zBaja California |
| 650 | 1 | 3 |
_9156223 _aWine quality |
| 650 | 1 | 3 |
_aWines _xCommercialization _zMexico _zBaja California |
| 700 | 1 |
_aSzymanski Duque, Rosa Guadalupe _ecoordinador _9151434 |
|
| 700 | 1 |
_aFlores Girón, Emmanuel _ecoordinador _9161718 |
|
| 700 | 1 |
_9161602 _aBuendía Corona, Isabel _ecolaborador |
|
| 856 | 4 | 1 |
_uhttp://10.13.5.2/ve/T_C_821_EIUPA/T_C_821_EIUPA_2019_REPORTE.pdf _yDESCARGAR REPORTE |
| 856 | 4 | 1 |
_uhttp://10.13.5.2/ve/T_C_821_EIUPA/T_C_821_EIUPA_2019_PLANO_AREAS.pdf _yDESCARGAR PLANO DE DISTRIBUCIÓN DE ÁREAS |
| 856 | 4 | 1 |
_uhttp://10.13.5.2/ve/T_C_821_EIUPA/T_C_821_EIUPA_2019_PLANO_DISTRIBUCION_DE_EQUIPO.pdf _yDESCARGAR PLANO DE DISTRIBUCIÓN DE EQUIPO |
| 856 | 4 | 1 |
_uhttp://10.13.5.2/ve/T_C_821_EIUPA/T_C_821_EIUPA_2019_PLANO_RECORRIDO_DE_VINO_BLANCO.pdf _yDESCARGAR PLANO DE DIAGRAMA DE RECORRIDO DE VINO BLANCO |
| 856 | 4 | 1 |
_uhttp://10.13.5.2/ve/T_C_821_EIUPA/T_C_821_EIUPA_2019_PLANO_DIAGRAMA_DE_RECORRIDO_DE_VINO_TINTO.pdf _yDESCARGAR PLANO DE DIAGRAMA DE RECORRIDO DE VINO TINTO |
| 856 | 4 | 1 |
_uhttp://10.13.5.2/ve/T_C_821_EIUPA/T_C_821_EIUPA_2019_PLANO_DDF_BLANCO.pdf _yDESCARGAR PLANO DE DIAGRAMA DE FLUJO DE VINO BLANCO |
| 856 | 4 | 1 |
_uhttp://10.13.5.2/ve/T_C_821_EIUPA/T_C_821_EIUPA_2019_PLANO_DDF_TINTO.pdf _yDESCARGAR PLANO DE DIAGRAMA DE FLUJO DE VINO TINTO |
| 999 |
_c217549 _d217549 |
||